Online
Catalog

Guía para madres y padres de hoy : (Record no. 3358)

MARC details
000 -CABECERA
campo de control de longitud fija 02369nam a2200349 a 4500
001 - NÚMERO DE CONTROL
campo de control 000003532
003 - IDENTIFICADOR DEL NÚMERO DE CONTROL
campo de control DO-SdBNP
005 - FECHA Y HORA DE LA ÚLTIMA TRANSACCIÓN
campo de control 20250410091719.0
008 - DATOS DE LONGITUD FIJA--INFORMACIÓN GENERAL
campo de control de longitud fija 090710s2007 dr a r 001 0 spa d
020 ## - NÚMERO INTERNACIONAL ESTÁNDAR DEL LIBRO
Número Internacional Estándar del Libro 9789945421279
040 ## - FUENTE DE LA CATALOGACIÓN
Centro catalogador/agencia de origen DO-SdBNP
Lengua de catalogación spa
Centro/agencia transcriptor BNPHU
082 #4 - NÚMERO DE LA CLASIFICACIÓN DECIMAL DEWEY
Número de clasificación 374.01
Número de documento/Ítem L961m
100 1# - ENTRADA PRINCIPAL--NOMBRE DE PERSONA
Nombre de persona Luna, Josefina
9 (RLIN) 10934
245 10 - MENCIÓN DE TÍTULO
Título Guía para madres y padres de hoy :
Resto del título ni mucho ... ni poco. Buscando el balance /
Mención de responsabilidad, etc. Josefina Luna ; prólogo, Félix López Sánchez.
260 ## - PUBLICACIÓN, DISTRIBUCIÓN, ETC.
Lugar de publicación, distribución, etc. Santo Domingo :
Nombre del editor, distribuidor, etc. CONANI,
Fecha de publicación, distribución, etc. 2007.
300 ## - DESCRIPCIÓN FÍSICA
Extensión 155 p. :
Otras características físicas il. ;
Dimensiones 24 cm.
490 0# - MENCIÓN DE SERIE
Mención de serie CONANI
500 ## - NOTA GENERAL
Nota general Incluye datos biográficos del autor en las solapas
500 ## - NOTA GENERAL
Nota general Incluye referencias bibliográficas y notas al pie de las páginas
504 ## - NOTA DE BIBLIOGRAFÍA, ETC.
Nota de bibliografía, etc. Bibliografia : p. 151-155
505 0# - NOTA DE CONTENIDO CON FORMATO
Nota de contenido con formato Prólogo -- Introducción -- Capítulo 1. En los primeros años -- Capítulo 2. Las familias rotas. La experiencia del divorcio -- Capítulo 3. Familias mal tratantes. El maltrato infantil, sus causas -- Capítulo 4. La familia frente a los medios de comunicación -- Capítulo 5. La sociedad y la familia frente a la homosexualidad -- Capítulo 6. Contar nuestras propias historias nos libera -- Capítulo 7. "Te maltrato porque te amo" o el sin sentido de los noviazgos violentos -- Capítulo 8. Niñez, marketing y publicidad -- Capítulo 9. Mami, papi... comprámelo. El consumismo envuelve a los niños -- Capítulo 10. "Mi papá solo me dice que me proteja". Los y las adolescentes hablan -- Capítulo 11. Voy a ser abuela. Las consecuencias del embarazo en la adolescencia -- Capítulo 12. Juegos y los juguetes -- Capítulo 13. Crónica de una pela anunciada. Algunas verdades sobre el castigo físico -- Capítulo 14. Guerra e infancia no combinan -- Capítulo 15. Invertir en la infancia y la adolescencia. La forma más efectiva de evitar la delicuencia -- Capítulo 16. Educación sexual. Asignatura pendiente -- Bibliografía.
590 ## - NOTA LOCAL (RLIN)
Nota local Inventariado, 2018/BT
650 #4 - PUNTO DE ACCESO ADICIONAL DE MATERIA--TÉRMINO DE MATERIA
Término de materia o nombre geográfico como elemento de entrada Educación para la vida familiar
9 (RLIN) 2729
650 #4 - PUNTO DE ACCESO ADICIONAL DE MATERIA--TÉRMINO DE MATERIA
Término de materia o nombre geográfico como elemento de entrada Violencia infantil
9 (RLIN) 10935
650 #0 - PUNTO DE ACCESO ADICIONAL DE MATERIA--TÉRMINO DE MATERIA
Término de materia o nombre geográfico como elemento de entrada Familias
9 (RLIN) 795
650 #0 - PUNTO DE ACCESO ADICIONAL DE MATERIA--TÉRMINO DE MATERIA
Término de materia o nombre geográfico como elemento de entrada Divorcio
9 (RLIN) 1267
650 #4 - PUNTO DE ACCESO ADICIONAL DE MATERIA--TÉRMINO DE MATERIA
Término de materia o nombre geográfico como elemento de entrada Educación sexual
9 (RLIN) 2374
700 1# - PUNTO DE ACCESO ADICIONAL--NOMBRE DE PERSONA
Nombre de persona López Sánchez, Félix,
Término indicativo de función/relación pról.
9 (RLIN) 10936
710 2# - PUNTO DE ACCESO ADICIONAL--NOMBRE DE ENTIDAD CORPORATIVA
Nombre de entidad corporativa o nombre de jurisdicción como elemento de entrada Consejo Nacional para la Niñez (República Dominicana )
9 (RLIN) 42757
910 ## - DATOS DE OPCIÓN DEL USUARIO (OCLC)
Datos de opción del usuario Validado. Control de calidad. MFF
942 ## - ELEMENTOS DE PUNTO DE ACCESO ADICIONAL (KOHA)
Fuente del sistema de clasificación o colocación Dewey Decimal Classification
Tipo de ítem Koha Libro
Holdings
Estado de retiro Estado de pérdida Restricciones de uso No para préstamo Código de colección Localización permanente Ubicación/localización actual Ubicación en estantería Fecha de adquisición Número de inventario Total de préstamos Signatura topográfica completa Código de barras Fecha visto por última vez Número de copia Precio válido a partir de Tipo de ítem Koha
        Dominicana de Servicio General General Depósito 20.06.2017 LF1   374.01 L961m 3532-30 25.06.2020 e. 3 25.06.2020 Libro y Folleto Colección Dominicana de Servicio
        Dominicana de Servicio General General Depósito 20.06.2017 LF1   374.01 L961m 3532-40 25.06.2020 e. 4 25.06.2020 Libro y Folleto Colección Dominicana de Servicio
      Excluido de préstamo Patrimonio Dominicano Patrimonio Dominicano Patrimonio Dominicano Depósito 10.07.2009 LF1   374.01 L961m 3532-10 25.06.2020   25.06.2020 Libro y Folleto Colección Patrimonio Dominicano
      Excluido de préstamo Patrimonio Dominicano Patrimonio Dominicano Patrimonio Dominicano Depósito 20.06.2017 LF1   374.01 L961m 3532-20 25.06.2020 e. 2 25.06.2020 Libro y Folleto Colección Patrimonio Dominicano

Powered by Koha